00733cam a22002291 450000100060000000300080000600500170001400800410003103500190007204000380009104100080012908200210013710000250015824500470018326000360023030000310026650400180029765000190031594200120033499900170034695201400036326011BD-RjUL20211209050947.0140320s1962 enka 001 0 eng d a(BD-RjUL)26081 aDLCcFMdOCoLCdDLCdBD-RjULbeng aeng00a948.02bSAA 19621 aSawyer, P. H.97992414aThe age of the Vikings /bby P. H. Sawyer aLondon :bEdward arnold,c1962. a254 p. :billus. ;c23 cm. aInclude index 0aVikings.92937 2ddccBK c26011d26011 00102ddc40728NFICaRUCLbRUCLcReadingd1964-02-28eZeitlingerg30.00l0o948.02 SAA 1962r2014-03-20 00:00:00tC-1w2014-03-20yBK